|
|
|
|
| LEADER |
00000cam a2200000 7i4500 |
| 001 |
0000002439 |
| 005 |
20030620.0 |
| 020 |
0 |
0 |
|a 9678909677
|
| 090 |
0 |
0 |
|a 344.59501252
|b MAL 2001
|
| 110 |
1 |
0 |
|a MALAYSIA
|
| 245 |
1 |
0 |
|a Undang-undang pencen di Malaysia :
|b mengandungi: Akta Pencen (Akta 227) - Peraturan-peraturan Pencen 1980 - Akta Penghitungan Semula Pencen 1980 (Akta 228) - Akta Penyelarasan Pencen 1980 (Akta 238) - Akta Pencen Pihak-pihak Berkuasa Berkanun dan Tempatan 1980 (Akta 239) - Akta Kumpulan Wang Amanah Pencen 1991 (Akta 454) - Peraturan-peraturan Pencen Pihak-pihak Berkuasa Berkanun dan Tempatan 1990 :
|b hingga 25hb September 2001)
|c disusun oleh Lembaga Penyelidikan Undang-Undang
|
| 260 |
0 |
0 |
|a Petaling Jaya, SelangorbInternational Law Book Servicesc2001
|
| 300 |
|
|
|a 123 p. ;
|c 25 cm.
|
| 440 |
0 |
0 |
|a Undang-Undang Malaysia
|
| 650 |
0 |
0 |
|a Civil service
|z Malaysia
|x Pensions
|
| 650 |
0 |
0 |
|a Pensions
|x Law and legislation
|z Malaysia
|
| 998 |
|
|
|a JPSM
|
| 999 |
|
|
|a 0000004560
|b Monograph
|c Open Shelf
|e Default branch
|